000 00377nam a2200145Ia 4500
008 240729s9999 xx 000 0 und d
022 _a1803-8417
245 0 _aEuropean Countryside
260 _aPoland
260 _bSciendo
650 _aAgriculture | Social Sciences
856 _uhttps://doaj.org/toc/462830a0fb7149e982aaa2b641f453ef
942 _2ddc
942 _cDOAJEJ
999 _c65619
_d65619
945 _a1
_bMadushi Gamage
_c1
_dMadushi Gamage